| 000 | 00560nam a2200193Ia 4500 | ||
|---|---|---|---|
| 003 | LK-CoDNM | ||
| 008 | 010623t2003 xxu||||| |||| 00| 1 sin d | ||
| 040 |
_aLK-CoDNM _dLK-CoDNM _eLK-CoDNM |
||
| 041 | _asin | ||
| 080 |
_a37 _bPAR |
||
| 100 | _aparanawithana, K.D. | ||
| 245 | _aපැවරුමි හා නිබන්ධන රචනාය | ||
| 246 | _aPaewarum haa nibandhana rachanaya | ||
| 260 |
_bSri Lanka Rajarata Wishwaviddyalaya _aMihinthale _c2003 |
||
| 300 | _b20, 21.5 cm | ||
| 650 | _aAssignments | ||
| 650 | _aEducation | ||
| 942 | _cBK | ||
| 999 |
_c122968 _d122968 |
||